Mistrzowie Australian Open od 2010 roku - Statystyki

Ogólne statystyki
  • Ten quiz został rozwiązany 138 razy
  • Średni wynik to 15 z 15
Statystyki odpowiedzi
Rok Zawodniczka Narodowość % Poprawnych
2023 Novak Djoković Serbia
100%
2021 Novak Djoković Serbia
100%
2020 Novak Djoković Serbia
100%
2019 Novak Djoković Serbia
100%
2016 Novak Djoković Serbia
100%
2015 Novak Djoković Serbia
100%
2013 Novak Djoković Serbia
100%
2012 Novak Djoković Serbia
100%
2011 Novak Djoković Serbia
100%
2018 Roger Federer Szwajcaria
99%
2017 Roger Federer Szwajcaria
99%
2010 Roger Federer Szwajcaria
99%
2022 Rafael Nadal Hiszpania
98%
2024 Jannik Sinner Włochy
94%
2014 Stan Wawrinka Szwajcaria
87%
Nie znaleziono quizów pasujących do podanych kryteriów
Rozkład punktacji
Procent ludzi z każdym wynikiem
Percentyl według liczby udzielonych odpowiedzi
Twoja historia wyników
Nie rozwiązałeś tego quizu